Open Data Biblioteca Nacional de Portugal


República Portuguesa: Ministério da Cultura
Biblioteca Nacional de Portugal

Catálogo da BNP: acesso por Identificadores Unívocos
Registos Bibliográficos associados ao registo de autoridade

Etiqueta de registo: 00596cam 2200217 450
001 1153875
003 http://id.bnportugal.gov.pt/bib/catbnp/1153875
100 ## $a20030403d2002 m y0pory0103 ba
101 0# $apor$deng
102 ## $aPT
105 ## $ay z 001yy
106 ## $ar
200 1# $aSobre o papel do som no audiovisual$bTexto policopiado]$fLuísa Ribas
210 #9 $aPorto$c[s.n.],$d2002
215 ## $a151 f.$d30 cm
320 ## $aBibliografia, f. 144-151
328 ## $aTese mestr. Arte Multimedia, Univ. do Porto, 2002
675 ## $a534(043.2)$vBN$zpor$3393222
675 ## $a621.39(043)$vBN$zpor$3297878
675 ## $a791.43(043.2)$vBN$zpor$3325870
675 ## $a159.93(043)$vBN$zpor$3325882
700 #1 $aRibas,$bLuísa,$f1973-$31152114
801 #0 $aPT$bBN$gRPC
966 ## $lBN$mFGMON$sS.A. 105066 V.$x1

Etiqueta de registo: 01364nam 2200289 450
001 1817119
003 http://id.bnportugal.gov.pt/bib/catbnp/1817119
100 ## $a20120809d2011 k y0pory01030103ba
101 0# $aeng$dpor
102 ## $aPT
105 ## $aa m 000yy
106 ## $ar
200 1# $a The nature of sound-image relations in digital interactive systems$fLuísa Maria Lopes Ribas$gorient. Heitor Manuel Pereira Pinto da Cunha e Alvelos, Emílio Manuel Távora Vilar
210 #9 $aPorto$c[s.n.],$d2011
215 ## $a359 p.$cil.$d30 cm
215 ## $a1 disco óptico (CD-ROM) em caixa$cil.$d13 x 14 x 1 cm
305 ## $aEd. impressa e em CD-ROM
320 ## $aContém bibliografia
328 ## $aTese dout. em Arte e Design, Fac. de Belas Artes, Univ. do Porto, 2011
675 ## $a004.5(043)$vBN$zpor$31215225
675 ## $a78/791(043)$vBN$zpor$31439697
675 ## $a159.94/.95(043)$vBN$zpor$3359994
675 ## $a621.39(043)$vBN$zpor$3297878
700 #1 $aRibas,$bLuísa,$f1973-$31152114
702 #1 $aAlvelos,$bHeitor$4727$31648911
702 #1 $aVilar,$bEmílio,$f1964-$4727$334933
801 #0 $aPT$bBN$gRPC
966 ## $lBN$mDEM$sP. 19481 P.$x1
966 ## $lBN$mFGMON$sP. 34712 V.$x1

Etiqueta de registo: 00254nam 2200025 450
001 2196721
003 http://id.bnportugal.gov.pt/bib/catbnp/2196721
010 ## $a978-989-9049-70-3$b[v. 1])
010 ## $a978-989-9279-02-5$bv. 2)
021 ## $aPT$b532051/24
021 ## $aPT$b548902/25
100 ## $a20241119d2024 m y0pory01030103ba
101 0# $apor
102 ## $aPT
105 ## $aa z 000yy
106 ## $ar
200 1# $aArte, digital, academia, Museu Zero$eÁgora Interuniversitária Museu Zero$fLuísa Ribas... [et al.]$gorg. Miguel Carvalhais, Luísa Ribas
205 ## $a1ª ed
210 #9 $aSanta Catarina da Fonte do Bispo$cMuseu Zero ;$aPorto$cI2ADS,$d2024-2025
215 ## $a2 v.$cil.$d19 cm
675 ## $a7.038.5(042)$vBN$zpor$31340396
675 ## $a004.7(042)$vBN$zpor$31232220
675 ## $a004.8(042)$vBN$zpor$31289543
675 ## $a004.9(042)$vBN$zpor$31390605
701 #1 $aRibas,$bLuísa,$f1973-$4070$31152114
702 #1 $aCarvalhais,$bMiguel,$f1974-$4340$31474504
801 #0 $aPT$bBN$gRPC
856 41 $uhttp://rnod.bnportugal.gov.pt/ImagesBN/winlibimg.aspx?skey=&doc=2196721&img=202168&save=true
900 ## $aBIBNAC$d20250106
966 ## $lBN$mFGMON$x3
966 ## $b001$d[V. 1]$lBN$mFGMON$sB.A. 12353 P.$x1
966 ## $b001$d[V. 1]$lBN$mFGMON$sB.A. 12353 P.-D$x1
966 ## $b001$dV. 2$lBN$mFGMON$sB.A. 12516 P.$x1
966 ## $b001$dV. 2$lBN$mFGMON$sB.A. 12516 P.-D$x1
971 ## $casantos$d20241119
972 ## $e0$z0$d20250106$viquintas
973 ## $cacosta$d20241218

Etiqueta de registo: 00000nam 2200025 450
001 2288225
003 http://id.bnportugal.gov.pt/bib/catbnp/2288225
100 ## $a20260618d2023 k y0pory01030103ba
101 0# $aeng$dpor
102 ## $aPT
105 ## $aa m 000yy
106 ## $ar
200 1# $aAudiovisual disruption$epost-digital aesthetics in contemporary audiovisual arts$fPedro Daniel da Costa Ferreira$gorient. António de Sousa Dias de Macedo, Luísa Maria Lopes Ribas, Alberto de Campo
210 #9 $aLisboa$c[s.n.],$d2023
215 ## $aXXI, 209 p.$cil.$d30 cm
328 #1 $aTese dout. Belas-Artes (Arte Multimédia), Faculdade de Belas-Artes, Universidade de Lisboa, 2023
700 #1 $aFerreira,$bPedro Daniel da Costa$32000986
702 #1 $aMacedo,$bAntónio de Sousa Dias de$4727$31445643
702 #1 $aRibas,$bLuísa,$f1973-$4727$31152114
702 #1 $aCampo,$bAlberto de$4727$32000988
801 #0 $aPT$bBN$gRPC
966 ## $lBN$mFGMON$x1
971 ## $corlando$d20260618

Etiqueta de registo: 00254nam 2200025 450
001 2288687
003 http://id.bnportugal.gov.pt/bib/catbnp/2288687
100 ## $a20260624d2024 k y0pory01030103ba
101 0# $aeng$dpor
102 ## $aPT
105 ## $aa m 001yy
106 ## $ar
200 1# $a " Some things you can ask me"$eon gender and artificial intelligence$fPedro Carvalho Ferreira da Costa$gorient. Luísa Maria Lopes Ribas, José Miguel Santos Araújo Carvalhais Fonseca, Mario Verdicchio
210 #9 $aLisboa$c[s.n.],$d2024
215 ## $a2 v.$cil.$d30 cm
328 #1 $aTese dout. Belas-Artes (Design de Comunicação), Faculdade de Belas-Artes da Universidade de Lisboa, 2024
700 #1 $aCosta,$bPedro Carvalho Ferreira da$32001507
702 #1 $aRibas,$bLuísa,$f1973-$4727$31152114
702 #1 $aCarvalhais,$bMiguel,$f1974-$4727$31474504
702 #1 $aVerdicchio,$bMario$4727$32001508
801 #0 $aPT$bBN$gRPC
966 ## $b001$d[1º v.]$lBN$mFGMON$x1
966 ## $b001$d[2º v.]$lBN$mFGMON$x1
971 ## $cisantos$d20260624

OpendataBNP@bnportugal.pt | Mais informação sobre acesso aos dados BNP